Văn học Việt Nam Thế kỷ X - nửa đầu thế kỷ XVIII
Sách mở đầu bằng tiến trình phát triển của văn học qua mười thế kỷ; khái quát các giai đoạn phát triển của văn học từ thế kỷ X đến thế kỷ XIV, văn học thế kỷ XV, văn học từ thế kỷ XVI đến nửa đầu thế kỷ XVIII....
Wedi'i Gadw mewn:
| Prif Awdur: | |
|---|---|
| Fformat: | Llyfr |
| Iaith: | Undetermined |
| Cyhoeddwyd: |
Hà Nội
Giáo dục Việt Nam
2015
|
| Pynciau: | |
| Tagiau: |
Ychwanegu Tag
Dim Tagiau, Byddwch y cyntaf i dagio'r cofnod hwn!
|
| Thư viện lưu trữ: | Trung tâm Học liệu Trường Đại học Cần Thơ |
|---|
| LEADER | 01093nam a2200229Ia 4500 | ||
|---|---|---|---|
| 001 | CTU_231040 | ||
| 008 | 210402s9999 xx 000 0 und d | ||
| 020 | |c 200000 | ||
| 082 | |a 895.92209 | ||
| 082 | |b Kh107 | ||
| 100 | |a Đinh, Gia Khánh | ||
| 245 | 0 | |a Văn học Việt Nam | |
| 245 | 0 | |b Thế kỷ X - nửa đầu thế kỷ XVIII | |
| 245 | 0 | |c Đinh Gia Khánh (chủ biên), Bùi Duy Tân, Mai Cao Chương | |
| 260 | |a Hà Nội | ||
| 260 | |b Giáo dục Việt Nam | ||
| 260 | |c 2015 | ||
| 520 | |a Sách mở đầu bằng tiến trình phát triển của văn học qua mười thế kỷ; khái quát các giai đoạn phát triển của văn học từ thế kỷ X đến thế kỷ XIV, văn học thế kỷ XV, văn học từ thế kỷ XVI đến nửa đầu thế kỷ XVIII. | ||
| 650 | |a Văn học Việt Nam,Vietnamese literature | ||
| 650 | |x Lịch sử và phê bình,History and criticism | ||
| 910 | |b vtbtruc | ||
| 980 | |a Trung tâm Học liệu Trường Đại học Cần Thơ | ||